Contribucion al estudio de la arqueologia del norte de la pcia. de cordoba, los paraderos de pozo /

Guardado en:
Autor Principal: Oliva, Manuel G.
Formato: Libro
Publicado: Cordoba : Universidad, 1947
Materias:
Etiquetas: Agregar Etiqueta
Sin Etiquetas, Sea el primero en etiquetar este registro!
LEADER 00591nam a22001695a 4500
001 EHU.bham004318
003 AR-BHAM
005 20080215124309.0
008 130507s1947##################000#0#####d
082 5 7 |a 571 
100 1 |a Oliva, Manuel G. 
245 1 0 |a Contribucion al estudio de la arqueologia del norte de la pcia. de cordoba, los paraderos de pozo /  |c Manuel G. Oliva. 
260 |a Cordoba :  |b Universidad,  |c 1947 
300 |a 28 p. 
653 |a Arqueologia 
859 |a AR-BHAM  |b BIB. HUMANIDADES - General  |h 571  |i OL9  |p 1533.58  |t Ej.1 
859 |a AR-BHAM  |b BIB. HUMANIDADES - General  |h 571  |i OL9  |p 247.65  |t Ej.1